| 000 | 01811nam0a2200397 4500 | ||
|---|---|---|---|
| 001 | RU\NLR\bibl\1774441 | ||
| 005 | 20250616132719.0 | ||
| 010 |
_a978-5-4345-0010-4 _9450 |
||
| 021 |
_aRU _b2011-33951 _92420 |
||
| 035 | _a(nilc)RSL-KNO-004940258 | ||
| 035 | _a(NLR Aleph) 001765212 | ||
| 090 |
_a1603313 _c1603313 |
||
| 100 | _a20110516d2010 |||y0rusy50 ca | ||
| 101 | 0 | _arus | |
| 102 | _aRU | ||
| 105 | _ay ||||||||| | ||
| 200 | 1 |
_aФинансовые аспекты интеграции хозяйствующих субъектов _fО.А. Романенко _gМ-во образования и науки Рос. Федерации, Гос. образоват. учреждение высш. проф. образования "Сарат. гос. социал.-экон. ун-т" |
|
| 210 |
_aСаратов _cСГСЭУ _d2010 |
||
| 215 |
_a178, [1] с. _cил., табл. _d21 |
||
| 320 | _aБиблиогр.: с. 172-174 (37 назв.) и в конце гл. | ||
| 606 | 1 |
_aПромышленные предприятия _xФинансирование _yРоссийская Федерация _92258738 _3RU\NLR\auth\661354465 |
|
| 606 | 1 |
_aПромышленные предприятия _xИнтеграция _92625801 _3RU\NLR\auth\661562361 |
|
| 606 | 1 |
_aФирмы _xСлияние _yРоссийская Федерация _92376091 _3RU\NLR\auth\661417940 |
|
| 686 |
_aУ9(2)261.9,0 _2rubbk |
||
| 686 | _aУ26(2)153.230 | ||
| 686 | _aУ30(2)-43 | ||
| 686 | _aУ29(2) | ||
| 700 | 1 |
_aРоманенко _bО. А. _gОльга Анатольевна _4070 |
|
| 801 | 0 |
_aRU _bRuMoRKP _c20110516 _grcr |
|
| 801 | 1 |
_aRU _bРГБ _c20110516 |
|
| 801 | 2 |
_aRU _bNLR _c20110530 _grcr |
|
| 830 | _aавт. раскрыт по кн. | ||
| 942 | _cBOOK | ||
| 980 | _aNB | ||
| 980 | _aNBR | ||